| 000 | 00780na a2200229 4500 | ||
|---|---|---|---|
| 001 | 19502 | ||
| 003 | MIRAKIL | ||
| 005 | 20181213155222.0 | ||
| 008 | 161216b tu 000 0 | ||
| 035 | _a19502 | ||
| 040 |
_aMilas _btur _cTR-AnCHP |
||
| 041 | _atur | ||
| 082 |
_a336.021 _bT11 2008 |
||
| 090 | _a336.021 T11 2008 | ||
| 110 | _aT.C. Başbakanlık Hazine Müsteşarlığı | ||
| 245 |
_aHazine müsteşarlığı 2009-2011 dönemi performans programı _cT.C. Başbakanlık Hazine Müsteşarlığı |
||
| 260 |
_aAnkara _bT.C. Başbakanlık Hazine Müsteşarlığı _c2008 |
||
| 300 |
_a73 s. _btbl. _c29 sm. |
||
| 650 |
_aSiyaset ve yönetim _xEkonomi _xİstatistikler _xİstatistikler |
||
| 650 |
_aSiyaset ve yönetim _xFinans _xTürkiye _xTürkiye |
||
| 942 |
_2ddc _cBKS |
||
| 999 |
_c8701 _d8701 |
||